000 00267nam a2200109Ia 4500
008 220204s9999 xx 000 0 und d
082 _a065
_bPAR;1
100 _aParkinson, C Northcote
245 0 _aIn laws and outlaws
260 _aLondon
_bPenguin
_c1962
942 _cBK
999 _c20687
_d20687